The course Syllabus: a learning-centered approach
Saved in:
| Main Authors: | , , |
|---|---|
| Format: | Bog |
| Sprog: | engelsk |
| Udgivet: |
San Francisco
Jossey-Bass
2008
|
| Udgivelse: | 2a. ed |
| Fag: | |
| Tags: |
Tilføj Tag
Ingen Tags, Vær først til at tagge denne postø!
|
MARC
| LEADER | 00000cam a2200000 a 4500 | ||
|---|---|---|---|
| 001 | UCC8402 | ||
| 003 | CL-VaPUC | ||
| 008 | 190628e20080000us |||||||||||||||||eng|d | ||
| 020 | |a 9780470197615 | ||
| 082 | 0 | 4 | |a 378.199 |b OBR |2 21 |
| 100 | 0 | |a O'Brien, Judith Grunert |e author |9 603081 | |
| 700 | 0 | |a Millis, Barbara J |e author |9 603082 | |
| 700 | 0 | |a Cohen, Margaret W |e author |9 603083 | |
| 245 | 1 | 4 | |a The course Syllabus: a learning-centered approach |
| 250 | |a 2a. ed | ||
| 300 | |a 132 p | ||
| 942 | |c BK | ||
| 945 | |d 20190628 11:06:00 |a dcastane | ||
| 260 | |a San Francisco |b Jossey-Bass |c 2008 | ||
| 650 | 0 | |a Educación superior |9 223851 | |
| 650 | 0 | |a Currículo |9 307290 | |
| 583 | |a last modification |c 20190628 11:06:00 |k Rodrigo Vera | ||
| 999 | |c 374738 |d 374736 | ||
| 952 | |0 0 |1 0 |3 erb |4 0 |6 378_199000000000000_OBR_2008 |7 0 |8 A |9 493439 |a BIBEDU |b BIBEDU |i 5592070 |o 378.199 OBR 2008 |p 5592070 |r 2019-11-24 |w 2019-11-24 |y BK |z Catalogado en:20190628 |k EDU | ||